| 000 | 00457pab a2200181 454500 | ||
|---|---|---|---|
| 008 | 180718b2008 xxu||||| |||| 00| 0 eng d | ||
| 100 | _aMicevska, Maja | ||
| 245 | _aRural nonfarm employment and incomes in the Himalayas | ||
| 260 | _c2008 | ||
| 300 | _ap.163-93. | ||
| 362 | _aOct | ||
| 650 | _aIncome | ||
| 650 | _aEmployment | ||
| 700 | _aRahut, Dil Bahadur | ||
| 773 | _aEconomic Development and Cultural Change | ||
| 908 | _aN | ||
| 909 | _a80332 | ||
| 999 |
_c80332 _d80332 |
||